000 02083nam a2200409 c 4500
003 BLK
005 20230321115029.0
008 180408b bul|||||r ||||||| ||bul||
010 _aKNG00086651000
020 _a978-954-27-0253-5
_bиздат.: Егмонт България
040 _aBLK
041 _aBUL
_cBUL
080 _aГеография на Тайланд
_b913(593)
_x(036)
_z913(593)(036)
080 _aЗабавно пътуване. Туризъм - пътуване пеша, с кола, колело, автобус, влак, параход, самолет, изкачване на планина, ездене и др. п.
_b379.85
_x(593)(036)
_z379.85(593)(036)
100 1 _aМакдоналд, Фил
_eпърви автор
_9300388
700 1 _aПаркс, Карл
_eсъавт.
_9300389
700 1 _aДимитрова, Ирина
_eпрев.
_9363468
139 _aМакдоналд, Фил и др.
_bМ 19
245 1 0 _aТайланд
_bДревни империи ; Храмове ; Старинни градове ; Музеи ; Екскурзии ; Плаващи пазари ; Орхидеи ; Национални паркове ; Коралови градини
_cФил Макдоналд; съавт. Карл Паркс; прев. Ирина Димитрова.
257 _aUSA
260 София
_bЕгмонт България
_c2008
_fСофия : Лито Балкан
300 _a400 с.
_bс цв. ил., к.
_c21 см
380 _a91
490 1 _aNational Geographic пътеводител
500 _aБез сведение за ориг. загл. - Авт. не са отбелязани на кор. - Показалци
650 4 _aТайланд - пътеводители
_9300390
650 4 _aТуризъм - пътеводители
_9266805
651 4 _aТайланд
_9179638
653 _aТайланд
653 _aпътеводители
653 _aтуризъм
852 _aЦб 242019
856 4 _qpdf
_u
856 4 _qpdf
_u
942 _cKNG
_n0
_01
944 _aCR
_c27.11.2008
_kВаля_Йорданова
944 _aED
_c07.09.2009
_k
999 _c82131
_d82131